MARC details
| 000 -CABECERA |
| campo de control de longitud fija |
00820cam a2200241 a 4500 |
| 001 - NÚMERO DE CONTROL |
| campo de control |
000006127 |
| 005 - FECHA Y HORA DE LA ÚLTIMA TRANSACCIÓN |
| campo de control |
20200929151936.0 |
| 008 - DATOS DE LONGITUD FIJA--INFORMACIÓN GENERAL |
| campo de control de longitud fija |
930723s1991 sp 001 p spa d |
| 020 ## - NÚMERO INTERNACIONAL ESTÁNDAR DEL LIBRO |
| Número Internacional Estándar del Libro |
8476582870 |
| 040 ## - FUENTE DE LA CATALOGACIÓN |
| Centro catalogador/agencia de origen |
DO-SdBNP |
| Centro/agencia transcriptor |
AzU |
| Centro/agencia modificador |
DLC |
| 082 ## - NÚMERO DE LA CLASIFICACIÓN DECIMAL DEWEY |
| Número de clasificación |
861.64 |
| Número de documento/Ítem |
M722r |
| 100 1# - ENTRADA PRINCIPAL--NOMBRE DE PERSONA |
| Nombre de persona |
Molina, Cesar Antonio |
| Forma completa/desarrollada del nombre |
(César Antonio Molina Sánchez), |
| Fechas asociadas al nombre |
1952- |
| 9 (RLIN) |
17246 |
| 245 14 - MENCIÓN DE TÍTULO |
| Título |
Las ruinas del mundo / |
| Mención de responsabilidad, etc. |
César Antonio Molina ; prólogo, Ángel Crespo. |
| 260 ## - PUBLICACIÓN, DISTRIBUCIÓN, ETC. |
| Lugar de publicación, distribución, etc. |
Barcelona : |
| Nombre del editor, distribuidor, etc. |
Anthropos, |
| Fecha de publicación, distribución, etc. |
1991. |
| 300 ## - DESCRIPCIÓN FÍSICA |
| Extensión |
430 p. ; |
| Dimensiones |
20 cm. |
| 490 1# - MENCIÓN DE SERIE |
| Mención de serie |
Ámbitos literarios |
| 490 1# - MENCIÓN DE SERIE |
| Mención de serie |
Poesía |
| Designación de volumen o secuencia |
no. 101 |
| 650 #4 - PUNTO DE ACCESO ADICIONAL DE MATERIA--TÉRMINO DE MATERIA |
| Término de materia o nombre geográfico como elemento de entrada |
Poesía española |
| 9 (RLIN) |
631 |
| 650 #4 - PUNTO DE ACCESO ADICIONAL DE MATERIA--TÉRMINO DE MATERIA |
| Término de materia o nombre geográfico como elemento de entrada |
Literatura española |
| Subdivisión cronológica |
SIGLO XXI |
| 9 (RLIN) |
4846 |
| 700 1# - PUNTO DE ACCESO ADICIONAL--NOMBRE DE PERSONA |
| Nombre de persona |
Crespo, Ángel, |
| Término indicativo de función/relación |
tr. |
| 9 (RLIN) |
17247 |
| 830 #0 - PUNTO DE ACCESO ADICIONAL DE SERIE-TÍTULO UNIFORME |
| Título uniforme |
Ámbito literarios. |
| Nombre de parte o sección de la obra |
poesía ; |
| Designación de volumen o secuencia |
no. 101. |
| 9 (RLIN) |
17248 |
| 910 ## - DATOS DE OPCIÓN DEL USUARIO (OCLC) |
| Datos de opción del usuario |
Catalogación por copia / LC |